|
|
|
|
| LEADER |
00897naa a2200205 i 4500 |
| 001 |
acta82683 |
| 005 |
20231213113631.0 |
| 008 |
231213s2023 hu o 1|| hun d |
| 040 |
|
|
|a SZTE Egyetemi Kiadványok Repozitórium
|b hun
|
| 041 |
|
|
|a hun
|
| 100 |
1 |
|
|a Tajti Viktor
|
| 245 |
1 |
0 |
|a Ion-molekula reakciók mechanizmusainak azonosítása és tanulmányozása elméleti módszerekkel
|h [elektronikus dokumentum] :
|b [absztrakt] /
|c Tajti Viktor
|
| 260 |
|
|
|c 2023
|
| 300 |
|
|
|a 114
|
| 490 |
0 |
|
|a Móra Kárpát-medencei Interdiszciplináris Szakkollégiumi Konferencia
|v 7
|
| 650 |
|
4 |
|a Természettudományok
|
| 650 |
|
4 |
|a Kémiai tudományok
|
| 695 |
|
|
|a Kémia - módszer - előadáskivonat
|
| 711 |
|
|
|a VII. Móra Kárpát-medencei Interdiszciplináris Szakkollégiumi Konferencia
|c Szeged
|d 2023. november 17-19.
|
| 856 |
4 |
0 |
|u http://acta.bibl.u-szeged.hu/82683/1/morakonf_2023_114.pdf
|z Dokumentum-elérés
|